| Tag |
First Indicator |
Second Indicator |
Subfields |
| LEADER |
00000cam a2200000Ka 4500 |
| 001 |
in00002764621 |
| 006 |
m d |
| 007 |
cr cn||||||||| |
| 008 |
120617s2012 enk ob 000 0 eng d |
| 005 |
20250816203812.4 |
| 020 |
|
|
|a 9781137005427 (electronic bk.)
|
| 020 |
|
|
|a 1137005424 (electronic bk.)
|
| 035 |
|
|
|a (OCoLC)ocn793008743
|
| 035 |
|
|
|a (NhCcYBP)ebr10558245
|
| 035 |
|
|
|a (OCoLC)793008743
|
| 037 |
|
|
|a 536035
|b Palgrave Macmillan
|n http://www.palgraveconnect.com
|
| 040 |
|
|
|a UKPGM
|b eng
|c UKPGM
|d N$T
|d EBLCP
|d CDX
|d YDXCP
|d E7B
|d OCLCQ
|d TXA
|d UtOrBLW
|
| 049 |
|
|
|a TXAM
|
| 050 |
|
4 |
|a HC79.E5
|b S86683 2012eb
|
| 072 |
|
7 |
|a BUS
|x 072000
|2 bisacsh
|
| 072 |
|
7 |
|a BUS
|x 099000
|2 bisacsh
|
| 082 |
0 |
4 |
|a 338.9/27
|2 23
|
| 245 |
0 |
0 |
|a Sustainable development and subnational governments :
|b policy making and multi-level interactions /
|c edited by Hans Bruyninckx, Sander Happaerts, Karoline van den Brande.
|
| 264 |
|
1 |
|a Houndmills, Basingstoke, Hampshire ;
|a New York, NY :
|b Palgrave Macmillan,
|c 2012.
|
| 300 |
|
|
|a 1 online resource.
|
| 336 |
|
|
|a text
|b txt
|2 rdacontent
|
| 337 |
|
|
|a computer
|b c
|2 rdamedia
|
| 338 |
|
|
|a online resource
|b cr
|2 rdacarrier
|
| 500 |
|
|
|a Description based on print version record.
|
| 520 |
|
|
|a This book highlights the activities of a category of actors understudied in the field of governance for sustainable development. Situated between the local and the national level of governance, subnational governments have significant responsibilities in key issues for sustainable development. Firstly, the book studies how these governments have taken up the challenge of designing sustainable development policies domestically. Secondly, it examines subnational involvement in international decision-making on sustainable development, with particular attention to the interactions that take place between multiple levels of governance. With new empirical material on the experiences of subnational governments in seven countries across Western Europe and North America, the contributors consider what challenges they are facing on the eve of Rio+20.
|
| 504 |
|
|
|a Includes bibliographical references.
|
| 505 |
0 |
|
|a The social and political construction of sustainable development in Quebec : a critical analysis of the Quebec sustainable development policy / René Audet and Corinne Gendron -- Inclusive governance or incrementalism? : the choice of a sustainable development governance model for Flanders / Kris Bachus and Sophie Spillemaeckers -- Sustainable development policies in the Basque Country / Alberto de la Peña and Iñaki Barcena -- Sustainable development in Wallonia : trial and error along two tracks of governance / Sander Happaerts -- Governance for sustainable development in the German Bundesländer / Kirsten Jörgensen -- Dutch provincial sustainable development policies : ambitions and differences / Frans Coenen -- Spanish subnational involvement in multi-level sustainable development issues / Kenneth Hanf and Francesc Morata -- A "responsibility" to act globally : investigating the Welsh assembly government's engagement in nrg4SD / Elin Royles -- Routes to global decision-making : Flanders in the UN and OECD discussions on sustainable development / Karoline Van den Brande -- Subnational involvement in EU policy-making : the case of Scottish flood risk management / Anna-Lena Högenauer -- Green paradiplomacy in North America : successes and limits of the NEG-ECP / Annie Chaloux and Stéphane Paquin -- The state of sustainable development : perspectives from the subnational level / Sander Happaerts, Hans Bruyninckx and Karoline Van den Brande.
|
| 500 |
|
|
|a Electronic resource.
|
| 650 |
|
7 |
|a BUSINESS & ECONOMICS / Development / Sustainable Development.
|2 bisacsh
|
| 650 |
|
7 |
|a SOCIAL SCIENCE / Developing Countries.
|2 bisacsh
|
| 650 |
|
7 |
|a POLITICAL SCIENCE / Public Policy / Environmental Policy.
|2 bisacsh
|
| 650 |
|
7 |
|a POLITICAL SCIENCE / Government / International.
|2 bisacsh
|
| 650 |
|
0 |
|a Sustainable development
|x Government policy.
|
| 650 |
|
0 |
|a Regional planning.
|
| 650 |
|
7 |
|a BUSINESS & ECONOMICS / Environmental Economics.
|2 bisacsh
|
| 655 |
|
4 |
|a Electronic books.
|
| 655 |
|
7 |
|a Electronic books.
|2 local
|
| 700 |
1 |
|
|a Bruyninckx, Hans,
|d 1964-
|e editor.
|
| 700 |
1 |
|
|a Happaerts, Sander,
|d 1983-
|e editor.
|
| 700 |
1 |
|
|a Brande, Karoline van den,
|d 1983-
|e editor.
|
| 710 |
2 |
|
|a ebrary, Inc.
|
| 776 |
0 |
8 |
|i Print version:
|t Sustainable development and subnational governments.
|d Houndmills, Basingstoke, Hampshire ; New York, NY : Palgrave Macmillan, 2012
|z 9780230360525
|w (DLC) 2012009559
|w (OCoLC)774489559
|
| 856 |
4 |
0 |
|u https://ebookcentral.proquest.com/lib/tamucs/detail.action?docID=912219
|y Connect to the full text of this electronic book
|t 0
|
| 948 |
|
|
|a cataloged
|b h
|c 2012/10/29
|d c
|e agaffey
|f 5:13:24 pm
|
| 994 |
|
|
|a C0
|b TXA
|
| 999 |
f |
f |
|s 1acc45bc-01ff-3717-a3df-db7bc0dbe4cf
|i 1029c8d1-21c3-30e1-a11f-80fc33236a2f
|t 0
|
| 999 |
|
|
|a MARS
|
| 952 |
f |
f |
|a Texas A&M University
|b College Station
|c Electronic Resources
|d Available Online
|t 0
|e HC79.E5 S86683 2012eb
|h Library of Congress classification
|
| 998 |
f |
f |
|a HC79.E5 S86683 2012eb
|t 0
|l Available Online
|